000 00446nam a2200169Ia 4500
001 16040
003 IN-NITTTR
005 20251114233151.0
008 251113s9999||||xx |||||||||||||| ||eng||
040 _beng
040 _cIN-NITTTR
041 _aeng
082 _a686.224 N433B
100 _aNewcomb, John
245 4 _aThe book of graphic problem- solving :
_b how to get visual ideas when you need them. /
_cNewcomb, John
942 _2ddc
_cBK
999 _c18674
_d18674